1750 1221 1541 1154 1891 1970 1719 1853 1473 1430 1025 1758 1424 1628 1224 1445 1195 1905 1714 1825 1032 1532 1875 1531 1829 1441 1311 1652 1252 1971 1820 1450 1080 1752 1414 1398 1370 1198 1314 1594 1691 1997 1234 1737 1928 1963 1122 1762 1767 1997 1089 1628 1325 1706 1555 1783 1335 1248 1427 1056 1692 1101 1431 1016 1376 1379 1407 1927 1833 1372 1933 1634 1933 1838 1867 1714 1913 1372 1678 1542 1401 1520 1928 1541 1079 1148 1066 1278 1664 1358 1009 1088 1887 1266 1849 1618 1729 1057 1585 BCNSPRNW ULIB Ver.6.0+V

เปลี่ยนเป็นภาษาไทย

Change to English
 แสดงรายละเอียดบรรณานุกรม
  กลับหน้าหลัก

Brief Record : Get Marc (ISO 2709) : E-mail record : QR code < ปิดหน้าต่าง
LEADER : 00000nam 2200000uu 4500
001    13399124537
003     ULIB
008    150901s2552||||th 000 0 tha d
020    ^a9786115000227
090    ^aนว.^bณ429ร
100 0  ^aณารา
245 00 ^aรอยฝันตะวันเดือด/^cณารา
250    ^aพิมพ์ครั้งที่ 4
260    ^aกรุงเทพฯ :^bพิมพ์คำ,^c2552
300    ^a480 หน้า
710 1  ^aพิมพ์คำ
945    ^p0^l0^i027700
999    ^aทศพร
รายการนี้ยังไม่มีแท็ก
คุณยังไม่ได้ล็อกอิน คุณสามารถมีกิจกรรมร่วมกับเว็บไซต์ได้ แต่ต้องล็อกอินก่อน ::
  ล็อกอิน

รายการสื่อสารสนเทศ

ลำดับที่ ประเภท เลขเรียก/บาร์โค้ด สถานที่ สถานะ
1. นวนิยาย
นวนิยาย
นว. ณ429ร ฉ.1 
  Barcode: 027700
ห้องสมุดวิทยาเขตสวรรค์ประชารักษ์
►นวนิยาย
บนชั้น
  ขอยืม

รายการใกล้เคียง
    ผู้แต่ง [ณารา]

BibComment


ยังไม่เคยถูกคอมเมนท์

คอมเมนท์ทรัพยากรรายการนี้
  คอมเมนท์: รอยฝันตะวันเดือด..


 Copyright 2026. Bcnsprnw @Library